[Event "Kirov-ch"]
[Site "Kirov"]
[Date "2019.04.10"]
[Round "7"]
[White "Savinykh, Sergey"]
[Black "Bessonov, Arsenij"]
[Result "1/2-1/2"]
[WhiteElo "2029"]
[BlackElo "1636"]
[PlyCount "80"]
[EventDate "2019.04.01"]
[EventType "swiss"]
[EventRounds "9"]
[EventCountry "RUS"]
[SourceTitle "CBM 190 Extra"]
[Source "ChessBase"]
[SourceDate "2019.07.15"]
[SourceVersion "1"]
[SourceVersionDate "2019.07.15"]
[SourceQuality "1"]

1. e4 c6 2. d4 d5 3. Nc3 dxe4 4. Nxe4 Bf5 5. Ng3 Bg6 6. Nf3 Nd7 7. h4 h6 8. h5 Bh7 9. Bd3 Bxd3 10. Qxd3 Ngf6 11. Bd2 e6 12. 0-0-0 Bd6 13. Ne4 Nxe4 14. Qxe4 Nf6 15. Qe2 Qc7 16. Ne5 0-0-0 17. Rh4 Rhf8 18. Nc4 Be7 19. Bf4 Qd7 20. Ne5 Qd5 21. c4 Qe4 22. Qd2 c5 23. Bg3 Rxd4 24. Qxd4 cxd4 25. Rxe4 Nxe4 26. Rxd4 Nxg3 27. fxg3 Bf6 28. Re4 Kc7 29. Kc2 b6 30. b4 a5 31. a3 axb4 32. axb4 Bxe5 33. Rxe5 Ra8 34. Re4 Kd6 35. Rg4 Rg8 36. Rd4+ Kc6 37. Rg4 Kd6 38. Rd4+ Kc6 39. Rg4 Kd6 40. Rd4+ Kc6 1/2-1/2

[Event "Kirov-ch FL"]
[Site "Kirov"]
[Date "2018.04.14"]
[Round "9"]
[White "Savinykh, Sergey"]
[Black "Ljashenko, Konstantin"]
[Result "0-1"]
[WhiteElo "2096"]
[BlackElo "2030"]
[PlyCount "88"]
[EventDate "2018.04.01"]
[EventType "tourn"]
[EventRounds "11"]
[EventCountry "RUS"]
[SourceTitle "EXT 2019"]
[Source "ChessBase"]
[SourceDate "2018.10.10"]
[SourceVersion "1"]
[SourceVersionDate "2018.10.10"]
[SourceQuality "1"]

1. e4 e6 2. d4 b6 3. Bd3 Bb7 4. Nf3 c5 5. c3 cxd4 6. cxd4 Bb4+ 7. Nc3 Ne7 8. 0-0 0-0 9. Re1 Ng6 10. Bg5 Be7 11. Be3 Nc6 12. Rc1 a6 13. Bb1 Rc8 14. Na4 d5 15. exd5 exd5 16. Qb3 b5 17. Nc5 Bxc5 18. Rxc5 Na5 19. Qd3 Nc4 20. h4 Re8 21. Ng5 Rxc5 22. dxc5 d4 23. Bd2 Rxe1+ 24. Bxe1 Nce5 25. Qg3 d3 26. Qe3 h6 27. h5 Qd5 28. f3 hxg5 29. hxg6 f6 30. Bc3 Bc6 31. b3 g4 32. Kf1 gxf3 33. gxf3 Nxf3 34. Bxd3 Nh2+ 35. Ke1 Qh1+ 36. Kd2 Qg2+ 37. Kc1 Kf8 38. Qe6 Qd5 39. Qh3 Nf3 40. Bf5 Ng5 41. Qh8+ Qg8 42. Qh2 Qd5 43. Qb8+ Ke7 44. Qc7+ Bd7 0-1

[Event "Kirov-ch"]
[Site "Kirov"]
[Date "2016.04.08"]
[Round "8"]
[White "Seidov, Georgij"]
[Black "Savinykh, Sergey"]
[Result "1/2-1/2"]
[WhiteElo "1877"]
[BlackElo "2113"]
[PlyCount "115"]
[EventDate "2016.04.01"]
[EventType "swiss"]
[EventRounds "9"]
[EventCountry "RUS"]
[SourceTitle "CBM 172 Extra"]
[Source "ChessBase"]
[SourceDate "2016.06.21"]
[SourceVersion "1"]
[SourceVersionDate "2016.06.21"]
[SourceQuality "1"]

1. d4 Nf6 2. c4 g6 3. Nc3 Bg7 4. e3 0-0 5. g3 d6 6. Bg2 c5 7. Nge2 Nc6 8. 0-0 e5 9. Bxc6 bxc6 10. dxe5 dxe5 11. Qxd8 Rxd8 12. e4 Be6 13. b3 Rd3 14. Be3 Bf8 15. Rad1 Rad8 16. Rxd3 Rxd3 17. Bg5 Kg7 18. Kg2 h6 19. Bc1 Nd7 20. Rd1 Rxd1 21. Nxd1 f5 22. f3 Be7 23. Ndc3 Nf8 24. Be3 Bd7 25. Nc1 Ne6 26. Nd3 Bd6 27. Na4 Nd4 28. Naxc5 Bc8 29. Bxd4 exd4 30. e5 Bc7 31. f4 g5 32. Kf3 Kg6 33. Ke2 Kh5 34. Kf3 Bb6 35. h3 Kg6 36. g4 h5 37. gxh5+ Kxh5 38. e6 Bd8 39. fxg5 Kxg5 40. h4+ Kf6 41. Nf4 Bc7 42. a3 Bd6 43. Nd7+ Ke7 44. Nd3 Kxe6 45. N7c5+ Kf6 46. b4 Be6 47. Nxe6 Kxe6 48. a4 Be7 49. Nf4+ Kf7 50. b5 cxb5 51. axb5 Bxh4 52. c5 Be7 53. Nd3 Ke6 54. Kf4 Kd5 55. b6 axb6 56. cxb6 Kc6 57. Kxf5 Kxb6 58. Ke4 1/2-1/2

[Event "Kirov-ch"]
[Site "Kirov"]
[Date "2016.04.05"]
[Round "5"]
[White "Savinykh, Sergey"]
[Black "Shipitsyn, Pavel"]
[Result "0-1"]
[WhiteElo "2113"]
[BlackElo "1883"]
[PlyCount "170"]
[EventDate "2016.04.01"]
[EventType "swiss"]
[EventRounds "9"]
[EventCountry "RUS"]
[SourceTitle "CBM 172 Extra"]
[Source "ChessBase"]
[SourceDate "2016.06.21"]
[SourceVersion "1"]
[SourceVersionDate "2016.06.21"]
[SourceQuality "1"]

1. e4 d6 2. d4 Nf6 3. Nc3 g6 4. f4 Bg7 5. Nf3 0-0 6. Bd3 c5 7. dxc5 dxc5 8. Be3 Qa5 9. 0-0 Rd8 10. Qe2 Nc6 11. Bd2 Qb6 12. Na4 Qc7 13. Nxc5 Nd4 14. Nxd4 Qxc5 15. c3 e5 16. fxe5 Ng4 17. Bf4 Nxe5 18. Bxe5 Bxe5 19. Bc4 Be6 20. Bxe6 fxe6 21. Kh1 Bxd4 22. cxd4 Qxd4 23. Rad1 Qe5 24. Rxd8+ Rxd8 25. Qf3 Qg7 26. Qb3 Qd7 27. h3 b6 28. Qc3 Qg7 29. Qc4 Qd7 30. e5 Rf8 31. Rxf8+ Kxf8 32. Qf4+ Kg8 33. Qf6 Qd5 34. b3 Qd1+ 35. Kh2 Qd5 36. h4 Qd7 37. h5 gxh5 38. Qg5+ Kf8 39. Qxh5 Kg7 40. Qg5+ Kf8 41. Qh6+ Kg8 42. Qf6 Qd5 43. Qf4 Kg7 44. g3 Kg8 45. Qf6 a5 46. Qf4 Kg7 47. Qg5+ Kf8 48. Qe3 b5 49. Kh3 Kg8 50. Kh4 Qh1+ 51. Kg5 Qb7 52. Qf4 Qg7+ 53. Kh4 Qd7 54. Qf6 Qd5 55. Qg5+ Kf7 56. Qf4+ Kg8 57. Kg5 Qd7 58. Qf6 Qd2+ 59. Kh4 Qd5 60. Qf4 Qh1+ 61. Kg5 Qd5 62. Kf6 Qd7 63. Qg4+ Kf8 64. Qxe6 Qg7+ 65. Kf5 Qxg3 66. Qc8+ Kg7 67. Qd7+ Kf8 68. Qd8+ Kg7 69. Qe7+ Kg8 70. Ke6 Qg4+ 71. Kd6 h5 72. e6 Qd4+ 73. Kc6 Qe4+ 74. Kxb5 Qe5+ 75. Kc6 Qe4+ 76. Kc7 Qc2+ 77. Kd8 Qh2 78. Qe8+ Kh7 79. Qd7+ Kg6 80. Ke8 Qe5 81. Qf7+ Kh6 82. Qf8+ Kg5 83. e7 Qe6 84. Qg7+ Kh4 85. Kf8 Qd6 0-1

[Event "Kirov Region-ch FL"]
[Site "Kirov"]
[Date "2015.10.09"]
[Round "1"]
[White "Derbenev, Andrey"]
[Black "Savinykh, Sergey"]
[Result "1-0"]
[WhiteElo "2373"]
[BlackElo "2048"]
[PlyCount "41"]
[EventDate "2015.10.09"]
[EventType "swiss"]
[EventRounds "9"]
[EventCountry "RUS"]
[SourceTitle "EXT 2018"]
[Source "ChessBase"]
[SourceDate "2017.10.13"]
[SourceVersion "1"]
[SourceVersionDate "2017.10.13"]
[SourceQuality "1"]

1. d4 Nf6 2. Bg5 Ne4 3. Bf4 e5 4. dxe5 d5 5. Nd2 Bf5 6. Ngf3 h6 7. Nd4 Qd7 8. e3 g5 9. Nxe4 dxe4 10. Bg3 Bg7 11. Bc4 0-0 12. e6 Bxe6 13. Nxe6 Qxd1+ 14. Rxd1 fxe6 15. Bxe6+ Kh8 16. h4 gxh4 17. Rxh4 Na6 18. Rd7 Nc5 19. Be5 Nxe6 20. Rxh6+ Kg8 21. Rxe6 1-0

[Event "Kirov Vyatka Cup-B 4th"]
[Site "Kirov"]
[Date "2015.08.25"]
[Round "5"]
[White "Savinykh, Sergey"]
[Black "Ljashenko, Konstantin"]
[Result "0-1"]
[WhiteElo "2052"]
[BlackElo "2099"]
[PlyCount "76"]
[EventDate "2015.08.21"]
[EventType "tourn"]
[EventRounds "9"]
[EventCountry "RUS"]
[SourceTitle "EXT 2022"]
[Source "ChessBase"]
[SourceDate "2021.10.06"]
[SourceVersion "1"]
[SourceVersionDate "2021.10.06"]
[SourceQuality "1"]

1. e4 e5 2. Nf3 Nc6 3. Bb5 d6 4. d4 exd4 5. Nxd4 Bd7 6. Nc3 Nf6 7. Bg5 Be7 8. 0-0 0-0 9. Re1 Nxd4 10. Qxd4 Bxb5 11. Nxb5 Ng4 12. Bxe7 Qxe7 13. c4 a6 14. Nc3 Qg5 15. b3 Qf4 16. g3 Qf3 17. Nd5 Rae8 18. Nxc7 Re5 19. Nd5 Rfe8 20. Nf4 Rxe4 21. Rxe4 Rxe4 22. Qd2 g5 23. Nh3 h6 24. Qxd6 Re2 25. Qd5 Qxd5 26. cxd5 Rd2 27. f4 Rxh2 28. fxg5 Rxh3 29. Kg2 Rh2+ 30. Kf3 h5 31. Rd1 Kf8 32. a4 Ke7 33. d6+ Kd7 34. Kf4 Rf2+ 35. Ke4 Re2+ 36. Kf4 Rf2+ 37. Ke4 Rb2 38. Rh1 Nf2+ 0-1

[Event "Kirov-ch"]
[Site "Kirov"]
[Date "2015.04.10"]
[Round "8"]
[White "Bulavin, Alexander"]
[Black "Savinykh, Sergey"]
[Result "1-0"]
[WhiteElo "2274"]
[BlackElo "2080"]
[PlyCount "95"]
[EventDate "2015.04.02"]
[EventType "tourn"]
[EventRounds "11"]
[EventCountry "RUS"]
[SourceTitle "CBM 166 Extra"]
[Source "ChessBase"]
[SourceDate "2015.06.18"]
[SourceVersion "1"]
[SourceVersionDate "2015.06.18"]
[SourceQuality "1"]

1. c4 Nf6 2. Nc3 g6 3. e4 d6 4. d3 Bg7 5. h3 c5 6. Be3 Nc6 7. Nge2 0-0 8. Qd2 e5 9. Bg5 Be6 10. Nd5 Rc8 11. g3 Bxd5 12. cxd5 Nd4 13. Nxd4 cxd4 14. h4 Rc5 15. Bh3 Qc7 16. 0-0 Rc2 17. Qb4 h6 18. Bd2 Nd7 19. Rac1 f5 20. h5 Rxc1 21. Rxc1 Nc5 22. Qa3 fxe4 23. Be6+ Kh8 24. b4 Qe7 25. bxc5 Qf6 26. Be1 e3 27. Rc2 Qf3 28. Qc1 dxc5 29. d6 e4 30. Bd5 exf2+ 31. Bxf2 Qxd3 32. Rd2 Qf3 33. Qe1 Qf6 34. Qxe4 Qxd6 35. hxg6 b5 36. Bf7 Rd8 37. g4 Qe5 38. Qf3 Qf6 39. Qe4 h5 40. Bg3 Qg5 41. Rh2 Qc1+ 42. Be1 Bf6 43. Rxh5+ Kg7 44. g5 Bxg5 45. Rh7+ Kf8 46. g7+ Kxf7 47. g8Q+ Kxg8 48. Qg6+ 1-0

[Event "Kirov-ch"]
[Site "Kirov"]
[Date "2015.04.07"]
[Round "5"]
[White "Dvinskikh, Leonid"]
[Black "Savinykh, Sergey"]
[Result "1-0"]
[WhiteElo "2071"]
[BlackElo "2080"]
[PlyCount "107"]
[EventDate "2015.04.02"]
[EventType "tourn"]
[EventRounds "11"]
[EventCountry "RUS"]
[SourceTitle "CBM 166 Extra"]
[Source "ChessBase"]
[SourceDate "2015.06.18"]
[SourceVersion "1"]
[SourceVersionDate "2015.06.18"]
[SourceQuality "1"]

1. d4 Nf6 2. Nf3 g6 3. c4 Bg7 4. Nc3 0-0 5. g3 d6 6. Bg2 Nc6 7. 0-0 a6 8. Bf4 Rb8 9. Rc1 Bg4 10. Qd2 Nd7 11. d5 Bxf3 12. exf3 Nd4 13. Be3 c5 14. dxc6 Nxc6 15. Nd5 Nf6 16. Bb6 Qd7 17. Rfe1 Rbc8 18. f4 Rfe8 19. b3 Qf5 20. h3 h5 21. f3 e5 22. g4 hxg4 23. fxg4 Qd7 24. Rcd1 Nd4 25. Bxd4 exd4 26. Nb6 Qc7 27. Nxc8 Rxc8 28. Qxd4 Nxg4 29. Qxd6 Nh6 30. Re8+ Kh7 31. Qxc7 Rxc7 32. Rb8 b5 33. cxb5 axb5 34. Rxb5 Rc2 35. a4 Nf5 36. Be4 Rc3 37. Bxf5 gxf5 38. Rd7 Kg6 39. a5 Rc1+ 40. Kg2 Ra1 41. Rb6+ f6 42. Rxg7+ Kxg7 43. a6 Kg6 44. b4 Ra2+ 45. Kg3 Ra3+ 46. Kh4 Ra4 47. Kg3 Ra3+ 48. Kf2 Rxh3 49. a7 Ra3 50. Rb7 Kh5 51. b5 Kg4 52. b6 Kxf4 53. Rb8 Ra2+ 54. Ke1 1-0

[Event "Kirov-ch"]
[Site "Kirov"]
[Date "2015.04.02"]
[Round "1"]
[White "Derbenev, Andrey"]
[Black "Savinykh, Sergey"]
[Result "1-0"]
[WhiteElo "2357"]
[BlackElo "2080"]
[PlyCount "39"]
[EventDate "2015.04.02"]
[EventType "tourn"]
[EventRounds "11"]
[EventCountry "RUS"]
[SourceTitle "CBM 166 Extra"]
[Source "ChessBase"]
[SourceDate "2015.06.18"]
[SourceVersion "1"]
[SourceVersionDate "2015.06.18"]
[SourceQuality "1"]

1. d4 Nf6 2. Bg5 Ne4 3. Bf4 c5 4. f3 Qa5+ 5. c3 Nf6 6. d5 d6 7. Qd2 Nbd7 8. e4 b5 9. a4 c4 10. Ra3 Nc5 11. axb5 Qxb5 12. b4 Nd3+ 13. Bxd3 cxd3 14. Ra5 Qc4 15. Na3 Qb3 16. Qxd3 Bd7 17. Ne2 e5 18. Be3 Be7 19. 0-0 Bd8 20. Nc1 1-0

[Event "Kirov CC-ch 20th"]
[Site "Kirov"]
[Date "2015.02.23"]
[Round "3"]
[White "Savinykh, Sergey"]
[Black "Bulavin, Alexander"]
[Result "0-1"]
[WhiteElo "2098"]
[BlackElo "2249"]
[PlyCount "108"]
[EventDate "2015.02.20"]
[EventType "tourn"]
[EventRounds "9"]
[EventCountry "RUS"]
[SourceTitle "EXT 2018"]
[Source "ChessBase"]
[SourceDate "2017.10.13"]
[SourceVersion "1"]
[SourceVersionDate "2017.10.13"]
[SourceQuality "1"]

1. e4 e6 2. d4 d5 3. Nc3 Bb4 4. e5 b6 5. Qg4 Bf8 6. Nf3 Qd7 7. Be3 Ne7 8. 0-0-0 Ba6 9. Bd3 Bxd3 10. Rxd3 Nbc6 11. h4 h5 12. Qh3 Nf5 13. Ng5 f6 14. exf6 gxf6 15. Nf3 Rg8 16. Bf4 Rg4 17. g3 0-0-0 18. Re1 Kb7 19. Qf1 Bd6 20. Bxd6 Nxd6 21. Qe2 Re8 22. Re3 Nf5 23. Rxe6 Nfxd4 24. Nxd4 Nxd4 25. Rxb6+ axb6 26. Qxe8 Qh7 27. Re2 Nxe2+ 28. Qxe2 Qf5 29. Qd2 d4 30. Nd1 Re4 31. c3 Qe6 32. cxd4 Qc4+ 33. Nc3 Rxd4 34. Qe3 Rd3 35. Qh6 Rf3 36. Qxh5 Rxf2 37. Qd5+ Qxd5 38. Nxd5 Kc6 39. Nf4 b5 40. h5 Rh2 41. a3 Kd6 42. Kb1 c5 43. Kc1 c4 44. Kb1 Kc5 45. Kc1 Kd4 46. Kb1 Ke4 47. Kc1 f5 48. Ne6 Rxh5 49. Nc7 Kf3 50. Nxb5 Kxg3 51. Nd6 f4 52. Nxc4 Rc5 53. b3 f3 54. Kd2 Rxc4 0-1

[Event "Kirov CC-ch 20th"]
[Site "Kirov"]
[Date "2015.02.20"]
[Round "1"]
[White "Savinykh, Sergey"]
[Black "Dvinskikh, Leonid"]
[Result "1/2-1/2"]
[WhiteElo "2098"]
[BlackElo "2085"]
[PlyCount "75"]
[EventDate "2015.02.20"]
[EventType "tourn"]
[EventRounds "9"]
[EventCountry "RUS"]
[SourceTitle "EXT 2018"]
[Source "ChessBase"]
[SourceDate "2017.10.13"]
[SourceVersion "1"]
[SourceVersionDate "2017.10.13"]
[SourceQuality "1"]

1. e4 e5 2. Nf3 Nc6 3. Bb5 a6 4. Ba4 d6 5. 0-0 Nge7 6. c3 Ng6 7. d4 Bd7 8. Re1 Be7 9. Nbd2 0-0 10. Nf1 Kh8 11. Ne3 exd4 12. cxd4 Nh4 13. Nxh4 Bxh4 14. Nd5 Ne7 15. Bb3 Nxd5 16. Bxd5 c6 17. Bb3 Bf6 18. Bf4 Be6 19. Bc2 Bg5 20. Bg3 Bh4 21. Re3 Bxg3 22. Rxg3 f6 23. d5 Bg8 24. Qg4 Qe7 25. Rd1 Rad8 26. h4 h6 27. b4 Bh7 28. dxc6 bxc6 29. Rc3 c5 30. bxc5 dxc5 31. Rxd8 Rxd8 32. Qe2 f5 33. Qxa6 fxe4 34. g3 Qe5 35. Qc4 Rc8 36. Re3 Re8 37. Bb3 Bg8 38. Qc3 1/2-1/2

[Event "Kirov Shakhov Memorial-B 2nd"]
[Site "Kirov"]
[Date "2014.12.27"]
[Round "1"]
[White "Chigarev, Vyacheslav"]
[Black "Savinykh, Sergey"]
[Result "0-1"]
[WhiteElo "1724"]
[BlackElo "2123"]
[PlyCount "56"]
[EventDate "2014.12.27"]
[EventType "swiss"]
[EventRounds "9"]
[EventCountry "RUS"]
[SourceTitle "CBM 164 Extra"]
[Source "ChessBase"]
[SourceDate "2015.03.02"]
[SourceVersion "1"]
[SourceVersionDate "2015.03.02"]
[SourceQuality "1"]

1. e4 c5 2. Nf3 d6 3. d4 cxd4 4. Nxd4 Nf6 5. Nc3 a6 6. Bg5 e6 7. f4 Nbd7 8. Qd2 Qc7 9. 0-0-0 b5 10. Bd3 Bb7 11. Rhe1 Rc8 12. Kb1 Be7 13. a3 0-0 14. Nb3 Rfd8 15. Qe2 Nb6 16. Nd2 Nc4 17. Bxc4 bxc4 18. e5 dxe5 19. fxe5 Nd5 20. Nxd5 Bxd5 21. Bxe7 Qxe7 22. Ne4 c3 23. Nd6 Rb8 24. b4 a5 25. b5 Rxd6 26. Qd3 Rdb6 27. Qxc3 Rxb5+ 28. Kc1 Qg5+ 0-1

[Event "Kirov Region-ch"]
[Site "Kirov"]
[Date "2014.10.17"]
[Round "8"]
[White "Savinykh, Sergey"]
[Black "Ljashenko, Konstantin"]
[Result "1-0"]
[WhiteElo "2147"]
[BlackElo "2021"]
[PlyCount "103"]
[EventDate "2014.10.10"]
[EventType "swiss"]
[EventRounds "9"]
[EventCountry "RUS"]
[SourceTitle "EXT 2018"]
[Source "ChessBase"]
[SourceDate "2017.10.13"]
[SourceVersion "1"]
[SourceVersionDate "2017.10.13"]
[SourceQuality "1"]

1. e4 e5 2. Nf3 Nc6 3. Bb5 a6 4. Ba4 d6 5. 0-0 b5 6. Bb3 Na5 7. d4 Nxb3 8. axb3 f6 9. Nc3 c6 10. Be3 Bg4 11. Qd2 Ne7 12. Ne1 Nc8 13. Nd3 exd4 14. Bxd4 Be7 15. f4 0-0 16. f5 Bh5 17. Nf4 Bf7 18. Rf3 Re8 19. Qd3 d5 20. exd5 b4 21. Nce2 Bxd5 22. Nxd5 Qxd5 23. Nf4 Qb5 24. Ne6 Qxd3 25. Rxd3 Bd6 26. Bc5 Rxe6 27. fxe6 Bxc5+ 28. Kf1 Kf8 29. Rd7 Nd6 30. Rd1 Nf5 31. Rf7+ Kg8 32. Rdd7 h5 33. h3 h4 34. Rc7 Bd6 35. Rxc6 Re8 36. Ra7 Rxe6 37. Raxa6 Kf7 38. c4 bxc3 39. bxc3 Ng3+ 40. Kf2 Re2+ 41. Kf3 Be5 42. b4 g5 43. b5 Kg6 44. b6 Rb2 45. Ra7 Kf5 46. Ra4 Rb3 47. Rb4 Ra3 48. b7 Ra2 49. Rc5 Re2 50. b8Q Rd2 51. Rxe5+ fxe5 52. Qc8+ 1-0

[Event "Kirov Region-ch"]
[Site "Kirov"]
[Date "2014.10.13"]
[Round "4"]
[White "Surnov, Vladimir"]
[Black "Savinykh, Sergey"]
[Result "1-0"]
[WhiteElo "2172"]
[BlackElo "2147"]
[PlyCount "107"]
[EventDate "2014.10.10"]
[EventType "swiss"]
[EventRounds "9"]
[EventCountry "RUS"]
[SourceTitle "EXT 2018"]
[Source "ChessBase"]
[SourceDate "2017.10.13"]
[SourceVersion "1"]
[SourceVersionDate "2017.10.13"]
[SourceQuality "1"]

1. d4 Nf6 2. c4 g6 3. Nc3 Bg7 4. e4 0-0 5. f3 d6 6. Be3 Nc6 7. Qd2 a6 8. g4 e5 9. Nge2 b5 10. d5 Na5 11. Ng3 bxc4 12. h4 c5 13. h5 Rb8 14. 0-0-0 Rb4 15. Bh6 Bxh6 16. Qxh6 Bxg4 17. fxg4 Nxg4 18. Qd2 Qb6 19. Re1 Rb8 20. Re2 Qd8 21. hxg6 fxg6 22. Qe1 Nb7 23. Bh3 Qg5+ 24. Qd2 Qxd2+ 25. Rxd2 Nf6 26. Bf1 Nd8 27. a3 R4b7 28. Bxc4 a5 29. Rg2 Rg7 30. Nb5 Rb6 31. Kc2 h5 32. Be2 Nf7 33. Rhg1 Kh7 34. a4 Ne8 35. Na3 Nh6 36. Bb5 Nf6 37. Nc4 Rb8 38. Nxd6 Nhg4 39. Nc4 Ra7 40. Kd3 Kh6 41. Nf1 Rf8 42. Nfe3 Raf7 43. Rh1 Kg7 44. Rh3 Nxe4 45. Nxg4 hxg4 46. Re3 Nf2+ 47. Ke2 e4 48. d6 Rf4 49. Ne5 Rd8 50. d7 Kf6 51. Nc4 Nd3 52. Nd6 Nb4 53. Kd2 Nd5 54. Rxe4 1-0

[Event "Kirov Region-ch"]
[Site "Kirov"]
[Date "2014.10.12"]
[Round "3"]
[White "Dvinskikh, Leonid"]
[Black "Savinykh, Sergey"]
[Result "1-0"]
[WhiteElo "2091"]
[BlackElo "2147"]
[PlyCount "99"]
[EventDate "2014.10.10"]
[EventType "swiss"]
[EventRounds "9"]
[EventCountry "RUS"]
[SourceTitle "EXT 2018"]
[Source "ChessBase"]
[SourceDate "2017.10.13"]
[SourceVersion "1"]
[SourceVersionDate "2017.10.13"]
[SourceQuality "1"]

1. d4 Nf6 2. Nc3 g6 3. e4 d6 4. f4 Bg7 5. Nf3 0-0 6. e5 Nfd7 7. Bc4 c5 8. exd6 exd6 9. 0-0 Nc6 10. Be3 Qb6 11. Nd5 Qxb2 12. a3 Nb6 13. Ra2 Nxc4 14. Rxb2 Nxb2 15. Qc1 Nc4 16. Bf2 cxd4 17. h3 Bf5 18. Nd2 Nxd2 19. Qxd2 Rac8 20. Re1 h5 21. Qd1 Rfe8 22. Rxe8+ Rxe8 23. Nc7 Re4 24. Nb5 Bf8 25. Nxd4 Nxd4 26. Bxd4 Rxf4 27. Bxa7 Ra4 28. Bd4 Rxa3 29. Bb2 Ra4 30. Bf6 Rc4 31. c3 Rc6 32. Qb3 d5 33. Bd4 Bc5 34. Qxd5 Bxd4+ 35. cxd4 Rc1+ 36. Kh2 Rb1 37. Qd8+ Kg7 38. d5 b5 39. Qe7 b4 40. Kg3 b3 41. Kh4 b2 42. Kg5 Re1 43. Qf6+ Kg8 44. Kh6 Kf8 45. d6 Ke8 46. Qxb2 Rd1 47. Qb8+ Kd7 48. Qc7+ Ke6 49. Qe7+ Kd5 50. d7 1-0